Procedures for medicolegal report writing / (Record no. 91372)

MARC details
000 -LEADER
fixed length control field 00515nam a22001697a 4500
010 ## - LCCN (DPL NO)
LC control number ENG-112157
020 ## - INTERNATIONAL STANDARD BOOK NUMBER
International Standard Book Number 9789383420070
Terms of availability 275.00
035 ## - SYSTEM CONTROL NUMBER
System control number EN-95689
037 ## - SOURCE OF ACQUISITION
Source of stock number/acquisition DBAD/PUB
100 ## - MAIN ENTRY--PERSONAL NAME
Personal name Karmakar, R.N.
245 ## - TITLE STATEMENT
Title Procedures for medicolegal report writing /
Statement of responsibility, etc by R.N. Karmakar
250 ## - EDITION STATEMENT
Edition statement 2nd ed
260 ## - PUBLICATION, DISTRIBUTION, ETC. (IMPRINT)
Place of publication, distribution, etc Kolkatta
Name of publisher, distributor, etc Academic Publishers
Date of publication, distribution, etc 2015
270 ## - ADDRESS
Address 5A, Bhawani Dutta Lane,
City Kolkatta
Postal code 700073
300 ## - PHYSICAL DESCRIPTION
Extent vi,230p.
Dimensions 24cm(pbk)
942 ## - ADDED ENTRY ELEMENTS (KOHA)
Source of classification or shelving scheme Dewey Decimal Classification
Item type English Books
Call number suffix KAM
Classification part 808.066615
Holdings
Withdrawn status Lost status Not for loan Collection code Home library Current library Date acquired Source of acquisition Cost, normal purchase price Full call number Barcode Copy number Cost, replacement price Koha item type
    Not For Loan Non-fiction D.B.Act.Division D.B.Act.Division 12/02/2015 DBAD/PUB 275.00 808.066615 KAM EN-95689 1 275.00 English Books

© Delhi Public Library
Hit Counter
free hit counter